No God but Us (Record no. 1405)
[ view plain ]
| 000 -LEADER | |
|---|---|
| fixed length control field | 00708nam a2200217 a 4500 |
| 001 - CONTROL NUMBER | |
| control field | 12270598 |
| 003 - CONTROL NUMBER IDENTIFIER | |
| control field | OverDrive |
| 005 - DATE AND TIME OF LATEST TRANSACTION | |
| control field | 20260615040518.0 |
| 008 - FIXED-LENGTH DATA ELEMENTS--GENERAL INFORMATION | |
| fixed length control field | 260614s o 000 0 en d |
| 020 ## - INTERNATIONAL STANDARD BOOK NUMBER | |
| International Standard Book Number | 9780063419513 |
| 041 0# - LANGUAGE CODE | |
| Language code of text/sound track or separate title | en |
| 100 1# - MAIN ENTRY--PERSONAL NAME | |
| Personal name | Sayed, Bobuq |
| Relator term | author |
| 245 10 - TITLE STATEMENT | |
| Title | No God but Us |
| 264 #1 - PRODUCTION, PUBLICATION, DISTRIBUTION, MANUFACTURE, AND COPYRIGHT NOTICE | |
| Name of producer, publisher, distributor, manufacturer | HarperCollins |
| Date of production, publication, distribution, manufacture, or copyright notice | 05/26/2026 |
| 336 ## - CONTENT TYPE | |
| Content type term | text |
| Source | rdacontent |
| 650 #7 - SUBJECT ADDED ENTRY--TOPICAL TERM | |
| Topical term or geographic name entry element | Fiction |
| Source of heading or term | overdrive |
| 650 #7 - SUBJECT ADDED ENTRY--TOPICAL TERM | |
| Topical term or geographic name entry element | Literature |
| Source of heading or term | overdrive |
| 650 #7 - SUBJECT ADDED ENTRY--TOPICAL TERM | |
| Topical term or geographic name entry element | LGBTQIA+ (Fiction) |
| Source of heading or term | overdrive |
| 856 42 - ELECTRONIC LOCATION AND ACCESS | |
| Uniform Resource Identifier | <a href="https://img1.od-cdn.com/ImageType-400/0293-1/{B6DA6615-0A5D-4F1A-850D-AF87680C2B0E}IMG400.JPG">https://img1.od-cdn.com/ImageType-400/0293-1/{B6DA6615-0A5D-4F1A-850D-AF87680C2B0E}IMG400.JPG</a> |
| Public note | Cover image |
| 856 40 - ELECTRONIC LOCATION AND ACCESS | |
| Uniform Resource Identifier | <a href="https://libbyapp.com/library/queerliblib/generated-1/page-1/12270598">https://libbyapp.com/library/queerliblib/generated-1/page-1/12270598</a> |
| Link text | Borrow on Libby |
No items available.